Southville International School and Colleges
Your cart is empty.
  • Cart
  • Lists
    Public lists Eva Luna New books Lux_list list_1
    Your lists Log in to create your own lists
  • Log in to your account
  • Your cookies
  • Search history
Southville International School and Colleges
  • Advanced search
  • Recent comments
  • Most popular
  • Libraries

Log in to your account

Log in with GOOGLE


If you do not have an external account, but do have a local account, you can still log in:

  1. Home
  2. MARC view: Language Research: Principles and Application /
Normal view MARC view ISBD view

Language Research: Principles and Application / (Record no. 284026)

[ view plain ]
MARC details
000 -LEADER
fixed length control field 00778nam a22002777a 4500
003 - CONTROL NUMBER IDENTIFIER
control field OSt
005 - DATE AND TIME OF LATEST TRANSACTION
control field 20150520085540.0
008 - FIXED-LENGTH DATA ELEMENTS--GENERAL INFORMATION
fixed length control field 130215t xxu||||| |||| 00| 0 eng d
020 ## - INTERNATIONAL STANDARD BOOK NUMBER
International Standard Book Number 9716857276
050 ## - LIBRARY OF CONGRESS CALL NUMBER
Classification number LB 2369
Item number .P67 2011
100 ## - MAIN ENTRY--PERSONAL NAME
Personal name Posecion, Ofelia T.
245 ## - TITLE STATEMENT
Title Language Research: Principles and Application /
Statement of responsibility, etc Posecion, Ofelia T., Mildred B. Go, Heidi P. Albano.
260 ## - PUBLICATION, DISTRIBUTION, ETC. (IMPRINT)
Place of publication, distribution, etc Quezon City :
Name of publisher, distributor, etc Lorimar Publishing,
Date of publication, distribution, etc 2011.
300 ## - PHYSICAL DESCRIPTION
Extent vii, 141 pages ;
Dimensions 25.5 cm
500 ## - GENERAL NOTE
General note Includes bibliographical references.
562 ## - COPY AND VERSION IDENTIFICATION NOTE
Number of copies 5
650 ## - SUBJECT ADDED ENTRY--TOPICAL TERM
Topical term or geographic name as entry element Language.
700 ## - ADDED ENTRY--PERSONAL NAME
Personal name Go, Mildred B.
700 ## - ADDED ENTRY--PERSONAL NAME
Personal name Albano, Heidi P.
942 ## - ADDED ENTRY ELEMENTS (KOHA)
Source of classification or shelving scheme Library of Congress Classification
Koha item type Books
Call number prefix Local
Holdings
Withdrawn status Lost status Source of classification or shelving scheme Damaged status Home library Current library Shelving location Date acquired Source of acquisition Total Checkouts Full call number Barcode Date last seen Price effective from Koha item type
    Library of Congress Classification   College Library College Library General Circulation Section 05/20/2015 Library Fund   LB 2369 .P67 2011 C19335 05/15/2018 05/20/2015 Books

Language Research: Principles and Application /

APA

Posecion O. T., Go M. B. & Albano H. P. (2011). Language Research: Principles and Application. Quezon City: Lorimar Publishing.

Chicago

Posecion Ofelia T, Go Mildred B and Albano Heidi P. 2011. Language Research: Principles and Application. Quezon City: Lorimar Publishing.

Harvard

Posecion O. T., Go M. B. and Albano H. P. (2011). Language Research: Principles and Application. Quezon City: Lorimar Publishing.

MLA

Posecion Ofelia T, Go Mildred B and Albano Heidi P. Language Research: Principles and Application. Quezon City: Lorimar Publishing. 2011.

  • Place hold
  • Print
  • Cite
  • Add to your cart (remove)
  • Save record
    BIBTEX Dublin Core MARCXML MARC (non-Unicode/MARC-8) MARC (Unicode/UTF-8) MARC (Unicode/UTF-8, Standard) MODS (XML) RIS
  • More searches
    Search for this title in:
    Other Libraries (WorldCat) Other Databases (Google Scholar) Online Stores (Bookfinder.com) Open Library (openlibrary.org)

Exporting to Dublin Core...

SOUTHVILLE LIBRARY

Southville International School and Colleges Library

1281 Tropical Ave. Cor. Luxembourg St., BF Homes International, Las Pinas City

Tel. No. 8256374 / 252358 Loc. 117/146

Powered by Koha